000 00313nam a2200121Ia 4500
008 190722s9999 xx 000 0 und d
020 _a978-81-315-0236-5
100 _aLussier, Achua
245 0 _aEffective Leadership
260 _aNew Delhi
_bCengage Learning (India) Pvt. Ltd.
_c2007
300 _a472
942 _cBK
999 _c151
_d151